| 000 | 00424nam a22001697a 4500 | ||
|---|---|---|---|
| 003 | UA-OsUOA | ||
| 001 | 3006 | ||
| 007 | ta | ||
| 008 | 20050721b un ||||| |||| 00| 0 ukr d | ||
| 100 | _aТимескова | ||
| 700 | _aИ. Н. | ||
| 942 | _cBK | ||
| 040 |
_aUA-OsUOA _cUA-OsUOA _dUA-OsUOA |
||
| 245 |
_aЛексикология современного франц. языка. _bLinguistics |
||
| 955 | _a2 | ||
| 650 | 7 | _2UDC | |
| 999 |
_c289168 _d289168 |
||